Can you believe it? : Stories and idoms from real life

Uloženo v:
Podrobná bibliografie
Hlavní autor: Huizenga, Jann
Médium: Kniha
Jazyk:Undetermined
Vydáno: Oxford Oxford University Press 2000
Témata:
Tagy: Přidat tag
Žádné tagy, Buďte první, kdo otaguje tento záznam!
Thư viện lưu trữ: Trung tâm Học liệu Trường Đại học Cần Thơ
LEADER 00643nam a2200229Ia 4500
001 CTU_121792
008 210402s9999 xx 000 0 und d
020 |c 82000 
082 |a 428.34 
082 |b H911/B.2 
100 |a Huizenga, Jann 
245 0 |a Can you believe it? : 
245 0 |b Stories and idoms from real life 
245 0 |c Jann Huizenga 
260 |a Oxford 
260 |b Oxford University Press 
260 |c 2000 
650 |a English language,English language 
650 |x Idoms,Texbooks for foreign speakers 
650 |z Unỉed States 
904 |i M.Loan 
980 |a Trung tâm Học liệu Trường Đại học Cần Thơ